Normal view
MARC view
- Jehan Zaib
Entry Personal Name
001 - CONTROL NUMBER
- control field: 48614
003 - CONTROL NUMBER IDENTIFIER
- control field: NUST
005 - DATE AND TIME OF LATEST TRANSACTION
- control field: 20210314134100.0
008 - FIXED-LENGTH DATA ELEMENTS
- fixed length control field: 210314|| aca||aabn | a|a d
040 ## - CATALOGING SOURCE
- Original cataloging agency: NUST
- Transcribing agency: NUST
100 ## - HEADING--PERSONAL NAME
- Personal name: Jehan Zaib
670 ## - SOURCE DATA FOUND
- Source citation: Work cat.: (NUST): Jehan Zaib, A laboratory study of different types of aggregate using cement as pastel replacement of filler in the Marshall Mix at high temperature, 1995.
